Surface irrigation design and evaluation (Record no. 9473)
[ view plain ]
| 000 -LEADER | |
|---|---|
| fixed length control field | 00268nam a22001217a 4500 |
| 040 ## - CATALOGING SOURCE | |
| Transcribing agency | SK |
| 082 ## - DEWEY DECIMAL CLASSIFICATION NUMBER | |
| Classification number | 630 |
| 100 ## - MAIN ENTRY--AUTHOR NAME | |
| Personal name | ជួង សុផល |
| 245 ## - TITLE STATEMENT | |
| Title | Surface irrigation design and evaluation |
| 260 ## - PUBLICATION, DISTRIBUTION, ETC. (IMPRINT) | |
| Place of publication | THAILAND |
| Name of publisher | ជួង |
| Year of publication | NA |
| 300 ## - PHYSICAL DESCRIPTION | |
| Number of Pages | 65p. |
| 942 ## - ADDED ENTRY ELEMENTS (KOHA) | |
| Koha item type | សៀវភៅភាសាអង់គ្លេស |
| 952 ## - LOCATION AND ITEM INFORMATION (KOHA) | |
| Withdrawn status [LOCAL, KOHA] | 0 |
| Koha item type | Barcode | Lost status | Permanent Location | Current Location | Date acquired | Full call number |
|---|---|---|---|---|---|---|
| សៀវភៅភាសាអង់គ្លេស | RUA045832 | Library Block C | Library Block C | 2016-09-01 | 630 ជួង NA |